Statistics for Countries first letter = last letter

Click here to take the quiz!

General Stats

  • This quiz has been taken 68 times
  • The average score is 9 of 15

Answer Stats

Countries% Correct
Albania
91%
Australia
86%
Austria
86%
Algeria
84%
Argentina
84%
Armenia
82%
Angola
79%
Andorra
77%
Antigua and Barbuda
70%
Seychelles
37%
Solomon Islands
33%
Czech Republic
32%
Saint Kitts and Nevis
30%
Saint Vincent and the Grenadines
30%
Central African Republic
25%

Score Distribution

Percentile by Number Answered

Percent of People with Each Score

Your Score History

You have not taken this quiz